Fußball Weltmeister Nationen - Sudden Death - Statistiken

Allgemein
  • Dieses Quiz wurde 677 mal gespielt
  • Das Durchschnittsergebnis liegt bei 7 aus 8
Answers on the Grid
Answers color-coded by a green-red scale on the quiz's grid according to % correct below.
Argentinien
Belgien
Brasilien
Chile
Deutschland
England
Frankreich
Italien
Japan
Kroatien
Niederlande
Österreich
Portugal
Russland
Schweden
Sowjetunion
Spanien
Südkorea
Ungarn
Uruguay
USA
 
Antwortstatistiken
Antwort % Korrekt
Argentinien
96%
Deutschland
92%
Brasilien
91%
Frankreich
90%
Italien
85%
England
78%
Spanien
73%
Uruguay
69%
Keine übereinstimmenden Quizze gefunden
Verteilung der Resultate
Anzahl Personen mit jedem Resultat
Perzentil nach korrekt beantworteten Fragen
Ihre Resultats-Entwicklung
Sie haben dieses Quiz noch nicht gespielt